000 00459nam a22001937a 4500
003 OSt
005 20180116183009.0
008 150831b xxu||||| |||| 00| 0 eng d
020 _a0523009984
040 _c0
082 _a813.54 MOO 1977
100 _aRobin Moore
245 _aThe Banksters
_cRobin Moore
260 _aNew York
_bPinnacle Books
_c1977
300 _a279 p.
_bPB
440 _aThe Banksters
600 _aRobin Moore
942 _2ddc
_cBK
999 _c350189
_d350189